The indian journal of technical education (Record no. 194148)

000 -LEADER
fixed length control field 00394nam a2200121Ia 4500
008 - FIXED-LENGTH DATA ELEMENTS--GENERAL INFORMATION
fixed length control field 220901s9999||||xx |||||||||||||| ||und||
082 ## - DEWEY DECIMAL CLASSIFICATION NUMBER
Classification number 621.381 VAI
100 ## - MAIN ENTRY--PERSONAL NAME
Personal name Vaidya, Vijay, D
9 (RLIN) 14091
245 #4 - TITLE STATEMENT
Title The indian journal of technical education
250 ## - EDITION STATEMENT
Edition statement Vol. 41 Issue 2, 3 & 4
260 ## - PUBLICATION, DISTRIBUTION, ETC.
Name of publisher, distributor, etc. Indian Society for Technical Education
Date of publication, distribution, etc. 2018
650 ## - SUBJECT ADDED ENTRY--TOPICAL TERM
Topical term or geographic name entry element Electronics and communication engineering
Holdings
Withdrawn status Lost status Damaged status Not for loan Home library Current library Shelving location Date acquired Full call number Barcode Date last seen Price effective from Koha item type
        Central Library Central Library Book Cart 09/01/2022 621.381 VAI BV879 09/01/2022 09/01/2022 Bound Volumes

Powered by Koha